Responses for Show #2410 - Friday, February 10, 1995

1995 Teen Tournament quarterfinal game 5.

Contestants

[<< previous game]

Matt Zielenski, a junior from Broadview Heights, Ohio

Martha Van Hoy, a senior from Lake Charles, Louisiana

Sujit Raman, a junior from Houston, Texas

[next game >>]

Jeopardy! Round responses

ANIMALS
MOVIES
STATE CAPITALS
THE BIBLE
THE CIVIL WAR YEARS
STRAIGHT "A"s
    $100 26
the elephant

Matt
    $100 11
Bill & Ted

Sujit
    $100 1
Honolulu

Sujit
    $100 21
(Sujit: Who is Solomon?)

Jesus

SujitMatt
    $100 16
Thanksgiving

Sujit
    $100 6
alumnus

Sujit
    $200 27
the grizzly bear

Martha
    $200 12
The Mask

Martha
    $200 2
Boise

Sujit
    $200 22
the earth

Matt
    $200 17
In God We Trust

Sujit
    $200 7
ambidextrous

Martha
    $300 28
antelope

Triple Stumper
    $300 13
Harrison Ford

Sujit
    $300 3
Tallahassee

Sujit
    $300 23
Moses

Matt
    $300 18
John Quincy Adams

Martha
    $300 8
Aristotle

Martha
    $400 29
a zebra

Sujit
    $400 14
Notre Dame

Matt
    $400 4
Harrisburg

Martha
    $400 24
(Martha: What are letters to the Romans?)

epistles

MarthaMatt
    $400 19
Alcott

Martha
    $400 9
Alberta

Martha
    $500 30
the Galapagos

Matt
    $500 15
Gremlins

Martha
    $400 5
Juneau (Alaska)

Martha
    $500 25
(Matt: Who is Sheba?)

Esther

Matt
Triple Stumper
    $500 20
Mark Twain (Samuel Clemens)

Sujit
    $500 10
(Martha: What is Albania?)

Andorra

SujitMartha

Scores at the first commercial break (after clue 15):

Sujit Martha Matt
$1,600 $1,900 $400

Scores at the end of the Jeopardy! Round:

Sujit Martha Matt
$2,700 $2,400 $1,500

Double Jeopardy! Round responses

WORLD HISTORY
NEWSPAPERS & MAGAZINES
OPERA
BODIES OF WATER
THE SUPREME COURT
POETS
    $200 1
Alexander the Great

Martha
    $200 6
Time

Sujit
    $200 8
Hansel and Gretel

Matt
    $200 16
the Pacific Ocean

Matt
    $200 21
(Ruth) Ginsburg

Sujit
    $200 26
Elizabeth Barrett Browning

Sujit
    $400 2
Nelson Mandela

Matt
    $400 7
TV Guide

Martha
    $400 12
Mozart

Sujit
    $400 17
the Mediterranean and the Red Sea

Sujit
    $400 25
Dred Scott

Matt
    $400 30
(Robert) Frost

Martha
    $600 3
the Thames

Matt
    $600 9
Wisconsin

Sujit
    $600 13
Daniel Webster

Matt
    $600 18
the Rhine

Matt
    $1,500 23
(Sujit: What is New York City?)

New York City

Sujit
    $600 27
(Rabbie) Burns

Sujit
    $800 4
Poland

Martha
    $800 10
the Chicago Tribune

Matt
    $800 14
Wagner

Matt
    $800 19
the Strait of Hormuz

Matt
    $800 22
the Lindbergh Law

Triple Stumper
    $1,000 28
(Emily) Dickinson

Sujit
    $1000 5
Nantes

Sujit
    $1000 11
the Post

Matt
    $1000 15
Prokofiev

Martha
    $1000 20
(Lake) Titicaca

Sujit
    $1000 24
(John) Tyler

Sujit
    $1000 29
Emma Lazarus

Matt

Scores at the end of the Double Jeopardy! Round:

Sujit Martha Matt
$7,800 $5,200 $8,900

Final Jeopardy! Round responses

WORD ORIGINS
(Alex: From the god, Pan; made you frightened, especially when you were in lonely, desolate places, made the animals of the forest stampede.)
MarthaWhat is paranoia?
$5,200
SujitWhat is panic
$1,200
MattWhat is panic
$6,800
panic

Final scores:

Sujit Martha Matt
$9,000 $0 $15,700
2nd place: $1,000 if eliminated 3rd place: $1,000 if eliminated Automatic semifinalist

Game dynamics:

Coryat scores:

Sujit Martha Matt
$9,100 $5,300 $8,900
22 R
(including 1 DD),
2 W
(including 1 DD)
15 R
(including 1 DD),
2 W
19 R,
1 W

Combined Coryat: $23,300

[game clues] [game scores] [suggest correction]

Game tape date: 1995-01-03
The J! Archive is created by fans, for fans. Scraping, republication, monetization, and malicious use prohibited; this site may use cookies and collect identifying information. See terms. The Jeopardy! game show and all elements thereof, including but not limited to copyright and trademark thereto, are the property of Jeopardy Productions, Inc. and are protected under law. This website is not affiliated with, sponsored by, or operated by Jeopardy Productions, Inc. Join the discussion at JBoard.tv.